|
|
|
|
| LEADER |
00000nkm a2200000 a 4500 |
| 001 |
vtls012020489 |
| 003 |
SK-MaSNL |
| 005 |
20260331212510.0 |
| 007 |
kf bo |
| 008 |
230706q1972 xo g kuslo |
| 015 |
|
|
|a SNBG1972
|
| 035 |
|
|
|a urn:nbn:sk:snk-km00faqy
|
| 035 |
|
|
|a urn:nbn:sk:snk-km45sgf
|
| 035 |
|
|
|a A0F5E517-8D46-4200-A79E-E802B1130F01
|
| 040 |
|
|
|a SNK
|b slo
|c SNK
|e AACR2
|
| 041 |
0 |
|
|a slo
|
| 043 |
|
|
|a e-xo---
|
| 044 |
|
|
|a xo
|c SK
|
| 072 |
|
7 |
|a 913
|x Regionálna geografia
|2 konspekt
|
| 080 |
|
|
|a 913(437.6)
|2 2011
|
| 080 |
|
|
|a (084.121)
|2 2011
|
| 080 |
|
|
|a 728.61
|2 2011
|
| 080 |
|
|
|a (234.372)
|2 2011
|
| 100 |
1 |
|
|a Hajduch, Ján,
|d 1906-1972
|4 pht
|9 98286
|
| 245 |
1 |
0 |
|a Chata na Jahodnej
|h grafika
|c foto Ján Hajduch
|
| 260 |
|
|
|a [Bratislava]
|b VPL
|c [1972?]
|
| 300 |
|
|
|a 1 pohľadnica
|b čiernobiela
|c 11 x 15 cm
|
| 520 |
8 |
|
|a Zobrazenie: Pohľad zo strany na budovu chaty, na ktorej je medzi oknami pod strechou nápis "Chata na Jahodnej". Vľavo od vchodu do chaty sú dve lavičky. Na lavičke vpravo sedia traja dospelí ľudia a na lavičke vľavo leží chlapec. Za chatou je les
|
| 650 |
0 |
7 |
|a chaty
|2 SNKPH
|9 29339
|
| 651 |
|
7 |
|a Jahodná (Košice, Slovensko)
|2 SNKPHgeo
|9 163347
|
| 651 |
|
7 |
|a Volovské vrchy (Slovensko : pohorie)
|2 SNKPHgeo
|9 16193
|
| 655 |
|
7 |
|a miestne pohľadnice
|2 SNKPH
|9 70510
|
| 852 |
|
|
|a Slovenská národná knižnica
|
| 958 |
|
|
|a GBN
|
| 958 |
|
|
|a GC
|
| 958 |
|
|
|a OND
|
| 999 |
|
|
|c 614409
|d 616339
|
| 952 |
|
|
|a SNK
|b SNK
|y PREZ
|7 0
|p 17A1381230
|o snkSP 132892
|z Pohľadnica prešla poštou.
|0 0
|1 0
|4 0
|d 2021-03-31
|f 1
|l 0
|r 2026-02-23 16:34:22
|w 2026-02-23
|